00551nam a2200145Ia 4500008004100000050002500041100002200066245004800088260008600136300003300222521001600255942000700271999001900278952010800297140724s9999 xx 000 0 und d aHD 30.28b.L972 2011 aLustaña, Rover. aPuppy Paws Pet Shop Co. /cRover Lustaña. aLas Piñas, Philippines :bSouthville International School and Colleges,cc2011. a18 p. :bcol. ill. ;c28 cm. aEntrepeneur cTH c228900d228900 001040aCLbCLcTHESESd2014-07-24l0oHD 30.28 .L972 2011pT0254r2018-05-15 00:00:00w2014-07-24yTH